Bayesian implementation / (Record no. 22507)
[ view plain ]
| 000 -LEADER | |
|---|---|
| fixed length control field | 01152cam a22002895a 4500 |
| 001 - CONTROL NUMBER | |
| control field | 1560995 |
| 005 - DATE AND TIME OF LATEST TRANSACTION | |
| control field | 20201128023843.0 |
| 008 - FIXED-LENGTH DATA ELEMENTS--GENERAL INFORMATION | |
| fixed length control field | 920915s2013 enka frb 001 0 eng d |
| 020 ## - INTERNATIONAL STANDARD BOOK NUMBER | |
| International Standard Book Number | 9780415846196 |
| 040 ## - CATALOGING SOURCE | |
| Original cataloging agency | DLC |
| Language of cataloging | eng |
| Transcribing agency | DLC |
| Modifying agency | DLC |
| -- | EG-ScBUE |
| -- | EG-ScBUE |
| 082 04 - DEWEY DECIMAL CLASSIFICATION NUMBER | |
| Edition number | 22 |
| Classification number | 330.0151 |
| Item number | PAL |
| 100 1# - MAIN ENTRY--PERSONAL NAME | |
| Personal name | Palfrey, Thomas R., |
| Dates associated with a name | 1953- |
| 9 (RLIN) | 41425 |
| 245 10 - TITLE STATEMENT | |
| Title | Bayesian implementation / |
| Statement of responsibility, etc | Thomas R. Palfrey, Sanjay Srivastava ; edited by A. Postlewaite. |
| 260 ## - PUBLICATION, DISTRIBUTION, ETC. (IMPRINT) | |
| Place of publication, distribution, etc | Oxon ; |
| -- | New York : |
| Name of publisher, distributor, etc | Routledge / Taylor & Francis Group ; |
| Place of publication, distribution, etc | Chur : |
| Name of publisher, distributor, etc | Harwood Academic Publishers, |
| Date of publication, distribution, etc | 2013. |
| 300 ## - PHYSICAL DESCRIPTION | |
| Extent | viii, 105 p. : |
| Other physical details | ill. ; |
| Dimensions | 22 cm. |
| 490 0# - Series Statement | |
| Series statement | Fundamentals of pure and applied economics, |
| International Standard Serial Number | 0191-1708 ; |
| Volume/sequential designation | 53 |
| Series statement | Organization theory and allocation processes section |
| 500 ## - GENERAL NOTE | |
| General note | Includes index. |
| 504 ## - BIBLIOGRAPHY, ETC. NOTE | |
| Bibliography, etc | Bibliography : p. 98-104. |
| 650 #7 - SUBJECT ADDED ENTRY--TOPICAL TERM | |
| Topical term or geographic name as entry element | Economics, Mathematical. |
| Source of heading or term | BUEsh |
| 9 (RLIN) | 1252 |
| 650 #7 - SUBJECT ADDED ENTRY--TOPICAL TERM | |
| Topical term or geographic name as entry element | Bayesian statistical decision theory. |
| Source of heading or term | BUEsh |
| 9 (RLIN) | 3332 |
| 651 ## - SUBJECT ADDED ENTRY--GEOGRAPHIC NAME | |
| Source of heading or term | BUEsh |
| 653 ## - INDEX TERM--UNCONTROLLED | |
| Resource For college | BAEPS, Economics |
| Arrived date list | October2016 |
| -- | December2016 |
| 655 ## - INDEX TERM--GENRE/FORM | |
| Form subdivision | Reading book |
| -- | 34232 |
| 700 1# - ADDED ENTRY--PERSONAL NAME | |
| Personal name | Srivastava, Sanjay, |
| Dates associated with a name | 1957- |
| 9 (RLIN) | 41426 |
| 700 1# - ADDED ENTRY--PERSONAL NAME | |
| Personal name | Postlewaite, A., |
| 9 (RLIN) | 41428 |
| Relator term | editor. |
| 942 ## - ADDED ENTRY ELEMENTS (KOHA) | |
| Source of classification or shelving scheme | Dewey Decimal Classification |
| Withdrawn status | Item status | Source of classification or shelving scheme | Damaged status | Not for loan | Vendor | Home library | Current library | Shelving location | Date acquired | Source of acquisition | Cost, normal purchase price | Total Checkouts | Full call number | Barcode | Date last seen | Koha item type |
|---|---|---|---|---|---|---|---|---|---|---|---|---|---|---|---|---|
| Dewey Decimal Classification | Baccah | Central Library | Central Library | First floor | 11/10/2016 | Purchase | 580.00 | 330.0151 PAL | 000033975 | 15/07/2025 | Book - Borrowing | |||||
| Dewey Decimal Classification | Baccah | Central Library | Central Library | First floor | 14/12/2016 | Purchase | 330.0151 PAL | 000040393 | 15/07/2025 | Book - Borrowing | ||||||
| Dewey Decimal Classification | Baccah | Central Library | Central Library | First floor | 14/12/2016 | Purchase | 330.0151 PAL | 000040394 | 15/07/2025 | Book - Borrowing |